000 00288nam a22001337a 4500
008 181031b xxu||||| |||| 00| 0 eng d
020 _a0721626998
041 _aeng
080 _a610.73
100 _a2
101 _aINF
245 _aOrthopaedic Nursing
_cMaher, A.B
942 _2udc
_cBK
999 _c51291
_d51291